000 00304nam a22001337a 4500
003 SGT
020 _a9788120332829
082 _a341.23
_bBAN
100 _aBANERJEE AJIT M
245 _aREINVENTING THE UNITED NATIONS
260 _aLUCKNOW
_bEASTERN BOOK COMPANY
_c2007
300 _a388
942 _2ddc
_cBK
999 _c33349
_d33349